[Event "Camaguey Province-ch final"]
[Site "Camaguey"]
[Date "2018.10.12"]
[Round "3"]
[White "Gonzalez Cruz, Hector Luis"]
[Black "Docampo Beltran, Dexter"]
[Result "1/2-1/2"]
[WhiteElo "1911"]
[BlackElo "2364"]
[PlyCount "68"]
[EventDate "2018.10.10"]
[EventType "tourn"]
[EventRounds "14"]
[EventCountry "CUB"]
[SourceTitle "EXT 2021"]
[Source "ChessBase"]
[SourceDate "2020.10.23"]
[SourceVersion "1"]
[SourceVersionDate "2020.10.23"]
[SourceQuality "1"]

1. e4 d6 2. d4 Nf6 3. Nc3 e5 4. dxe5 dxe5 5. Qxd8+ Kxd8 6. Nf3 Bd6 7. Bg5 c6 8. 0-0-0 Ke7 9. Bc4 Bc7 10. h3 Nbd7 11. Bh4 a6 12. a3 b5 13. Be2 Re8 14. g4 Nc5 15. b4 Ne6 16. g5 Nd7 17. g6+ f6 18. gxh7 Rh8 19. Bg3 Rxh7 20. Nh4 Nd4 21. Bg4 Nb6 22. Nf5+ Bxf5 23. exf5 a5 24. Rxd4 exd4 25. Bxc7 Nc4 26. Nb1 axb4 27. axb4 Rhh8 28. Bf4 Ra4 29. Re1+ Kf7 30. Re6 Rxb4 31. Rxc6 Ra8 32. Re6 Ra1 33. Bh5+ g6 34. Bxg6+ Kg7 1/2-1/2

[Event "Camaguey Province-ch final"]
[Site "Camaguey"]
[Date "2018.10.10"]
[Round "1"]
[White "Gonzalez Cruz, Hector Luis"]
[Black "Saiz Rodriguez, Daniel Evelio"]
[Result "0-1"]
[WhiteElo "1911"]
[BlackElo "2214"]
[PlyCount "46"]
[EventDate "2018.10.10"]
[EventType "tourn"]
[EventRounds "14"]
[EventCountry "CUB"]
[SourceTitle "EXT 2021"]
[Source "ChessBase"]
[SourceDate "2020.10.23"]
[SourceVersion "1"]
[SourceVersionDate "2020.10.23"]
[SourceQuality "1"]

1. e4 c5 2. Nf3 g6 3. d4 Bg7 4. Nc3 cxd4 5. Nxd4 Nc6 6. Be3 Nf6 7. f3 0-0 8. Qd2 d5 9. Nxc6 bxc6 10. 0-0-0 Qa5 11. Kb1 Rb8 12. Nxd5 Rxb2+ 13. Kxb2 Nxe4+ 14. Qd4 Bxd4+ 15. Bxd4 cxd5 16. fxe4 Bg4 17. Rd3 Qb4+ 18. Kc1 Qe1+ 19. Kb2 Rb8+ 20. Rb3 Rxb3+ 21. axb3 dxe4 22. Rg1 e3 23. g3 Qf2 0-1

[Event "Bayamo Cespedes tt"]
[Site "Bayamo"]
[Date "2018.03.04"]
[Round "6.2"]
[White "Martinez Mulet, Dario Leonel"]
[Black "Gonzalez Cruz, Hector Luis"]
[Result "0-1"]
[WhiteElo "1979"]
[BlackElo "1785"]
[PlyCount "82"]
[EventDate "2018.03.01"]
[EventType "team-tourn"]
[EventRounds "10"]
[EventCountry "CUB"]
[EventCategory "1"]
[SourceTitle "CBM 195 Extra"]
[Source "ChessBase"]
[SourceDate "2020.05.31"]
[SourceVersion "1"]
[SourceVersionDate "2020.05.31"]
[SourceQuality "1"]

1. d4 d5 2. c4 c6 3. Nc3 Nf6 4. cxd5 cxd5 5. Bf4 Nc6 6. e3 Bf5 7. Qb3 Qb6 8. Qxb6 axb6 9. Bb5 e6 10. Nf3 Bb4 11. 0-0 Nd7 12. Ne5 Ncxe5 13. Bxe5 Bxc3 14. bxc3 Ke7 15. Bg3 Rhc8 16. Rfc1 Nf6 17. f3 Ra3 18. c4 Bd3 19. Be1 Raa8 20. a4 Bxc4 21. Rab1 Bxb5 22. Rxc8 Rxc8 23. Rxb5 Nd7 24. a5 Rc6 25. Kf2 bxa5 26. Rxb7 Ra6 27. Ke2 Kd6 28. Kd3 a4 29. Rb1 Nb6 30. e4 Kc6 31. Bc3 Nc4 32. Ra1 a3 33. Bb4 Kb5 34. Kc3 Ka4 35. Bc5 Ra5 36. Ra2 Rb5 37. exd5 exd5 38. Ra1 Rb3+ 39. Kc2 Rb2+ 40. Kc3 Rxg2 41. h4 Rf2 0-1

[Event "Bayamo Cespedes tt"]
[Site "Bayamo"]
[Date "2018.03.01"]
[Round "1.2"]
[White "Gonzalez Cruz, Hector Luis"]
[Black "Martinez Mulet, Dario Leonel"]
[Result "1/2-1/2"]
[WhiteElo "1785"]
[BlackElo "1979"]
[PlyCount "78"]
[EventDate "2018.03.01"]
[EventType "team-tourn"]
[EventRounds "10"]
[EventCountry "CUB"]
[EventCategory "1"]
[SourceTitle "CBM 195 Extra"]
[Source "ChessBase"]
[SourceDate "2020.05.31"]
[SourceVersion "1"]
[SourceVersionDate "2020.05.31"]
[SourceQuality "1"]

1. e4 c6 2. d4 d5 3. Nc3 dxe4 4. Nxe4 Nd7 5. Ng5 Ngf6 6. Bd3 e6 7. N1f3 Be7 8. 0-0 0-0 9. Ne5 h6 10. Ngf3 c5 11. c3 Qc7 12. Bf4 Bd6 13. Nxd7 Bxd7 14. Ne5 Rfd8 15. Qf3 Bc6 16. Qh3 cxd4 17. cxd4 Nd5 18. Bg3 Nb4 19. Bb1 Bd5 20. a3 Nc6 21. Nxc6 Qxc6 22. Bh4 Rdc8 23. Qg4 f5 24. Qg6 Qe8 25. Bxf5 exf5 26. Qxd6 Bxg2 27. Rae1 Qh5 28. Kxg2 Qxh4 29. Qd5+ Kh8 30. Qxb7 Rab8 31. Qd5 Qg4+ 32. Kh1 Rd8 33. Qe5 Qf3+ 34. Kg1 Rb6 35. Qg3 Qh5 36. Kh1 Rg6 37. Qe3 Qh4 38. Rg1 Rxg1+ 39. Kxg1 Rxd4 1/2-1/2

[Event "Camaguey 503 op"]
[Site "Camaguey"]
[Date "2017.02.05"]
[Round "8.3"]
[White "Bello Rodriguez, Jonathan"]
[Black "Gonzalez Cruz, Hector Luis"]
[Result "0-1"]
[WhiteElo "1890"]
[BlackElo "1833"]
[PlyCount "78"]
[EventDate "2017.02.01"]
[EventType "swiss"]
[EventRounds "9"]
[EventCountry "CUB"]
[SourceTitle "EXT 2023"]
[Source "ChessBase"]
[SourceDate "2022.10.05"]
[SourceVersion "1"]
[SourceVersionDate "2022.10.05"]
[SourceQuality "1"]

1. e4 c5 2. Nf3 Nc6 3. d4 cxd4 4. Nxd4 g6 5. Nc3 Bg7 6. Be3 Nf6 7. f3 0-0 8. Qd2 d5 9. 0-0-0 dxe4 10. Nxc6 Qxd2+ 11. Rxd2 bxc6 12. Nxe4 Nxe4 13. fxe4 Be6 14. Ba6 Rab8 15. b3 Rb4 16. c4 Rbb8 17. Kc2 Be5 18. c5 Rb4 19. Bh6 Bg7 20. Bxg7 Kxg7 21. Re1 Rfb8 22. Re3 Kf6 23. e5+ Kg7 24. g3 g5 25. Kc3 Bd5 26. Rxd5 cxd5 27. Rd3 e6 28. c6 R4b6 29. c7 Rc6+ 30. Kd4 Rxc7 31. Rc3 Rxc3 32. Kxc3 Kg6 33. g4 Kg7 34. a3 f6 35. exf6+ Kxf6 36. b4 e5 37. b5 Ke6 38. a4 Kd6 39. Kb4 e4 0-1

[Event "Camaguey 503 op"]
[Site "Camaguey"]
[Date "2017.02.04"]
[Round "7.3"]
[White "Gonzalez Cruz, Hector Luis"]
[Black "Perez Marimon, Jorge De Jesus"]
[Result "0-1"]
[WhiteElo "1833"]
[BlackElo "1948"]
[PlyCount "108"]
[EventDate "2017.02.01"]
[EventType "swiss"]
[EventRounds "9"]
[EventCountry "CUB"]
[SourceTitle "EXT 2023"]
[Source "ChessBase"]
[SourceDate "2022.10.05"]
[SourceVersion "1"]
[SourceVersionDate "2022.10.05"]
[SourceQuality "1"]

1. e4 e5 2. Nf3 Nc6 3. Bb5 a6 4. Ba4 Nf6 5. 0-0 Be7 6. Re1 b5 7. Bb3 d6 8. c3 0-0 9. h3 Nb8 10. d4 Nbd7 11. Nbd2 Bb7 12. a4 c5 13. Bc2 exd4 14. cxd4 Re8 15. d5 Bf8 16. Nf1 g6 17. axb5 axb5 18. Rxa8 Qxa8 19. b3 Bg7 20. Bf4 Qa6 21. N1d2 Nh5 22. Bh2 Ne5 23. Nxe5 Bxe5 24. Bxe5 Rxe5 25. Qa1 Qb6 26. Qc3 Re8 27. Ra1 Ra8 28. Rxa8+ Bxa8 29. Nf3 Bb7 30. Nh2 b4 31. Qf3 Qa5 32. Ng4 Qa1+ 33. Kh2 Qc1 34. Ne3 Qa1 35. Nc4 Ba6 36. Ne3 Qb2 37. g3 Qc3 38. Qd1 Nf6 39. Bb1 Nd7 40. Qc2 Qd4 41. Qd1 Qf6 42. Ng4 Qc3 43. Qc2 Qd4 44. f4 h5 45. Nf2 h4 46. Ng4 hxg3+ 47. Kxg3 Qg1+ 48. Kf3 Qh1+ 49. Kg3 Qe1+ 50. Kf3 Bf1 51. Nf2 Nf6 52. Qb2 Nh5 53. Qc2 Bxh3 54. Qd3 Bg2+ 0-1

[Event "Camaguey 503 op"]
[Site "Camaguey"]
[Date "2017.02.02"]
[Round "4.5"]
[White "Gonzalez Rodriguez, Emanuel"]
[Black "Gonzalez Cruz, Hector Luis"]
[Result "0-1"]
[WhiteElo "1908"]
[BlackElo "1833"]
[PlyCount "56"]
[EventDate "2017.02.01"]
[EventType "swiss"]
[EventRounds "9"]
[EventCountry "CUB"]
[SourceTitle "EXT 2023"]
[Source "ChessBase"]
[SourceDate "2022.10.05"]
[SourceVersion "1"]
[SourceVersionDate "2022.10.05"]
[SourceQuality "1"]

1. d4 d5 2. c4 c6 3. Nc3 Nf6 4. Nf3 e6 5. Bg5 dxc4 6. e4 b5 7. e5 h6 8. Bh4 g5 9. Nxg5 hxg5 10. Bxg5 Nbd7 11. exf6 Qb6 12. Be2 Bb7 13. Bf3 0-0-0 14. 0-0 Ne5 15. Be3 Nxf3+ 16. Qxf3 c5 17. dxc5 Bxc5 18. Bxc5 Qxc5 19. Qe3 Qh5 20. f3 Rdg8 21. Kf2 Qh4+ 22. Ke2 Rxg2+ 23. Kd1 Rd8+ 24. Kc1 Qxh2 25. Qc5+ Kb8 26. Qxb5 Qf4+ 27. Kb1 Qd2 28. a3 Qc2+ 0-1

[Event "Camaguey 503 op"]
[Site "Camaguey"]
[Date "2017.02.02"]
[Round "3.1"]
[White "Rodriguez Perez, Carlos"]
[Black "Gonzalez Cruz, Hector Luis"]
[Result "0-1"]
[WhiteElo "1923"]
[BlackElo "1833"]
[PlyCount "40"]
[EventDate "2017.02.01"]
[EventType "swiss"]
[EventRounds "9"]
[EventCountry "CUB"]
[SourceTitle "EXT 2023"]
[Source "ChessBase"]
[SourceDate "2022.10.05"]
[SourceVersion "1"]
[SourceVersionDate "2022.10.05"]
[SourceQuality "1"]

1. e4 c5 2. c3 Nf6 3. e5 Nd5 4. d4 cxd4 5. Nf3 Nc6 6. cxd4 d6 7. Nc3 Nxc3 8. bxc3 dxe5 9. d5 Nb8 10. Nxe5 g6 11. Qf3 f5 12. Qg3 Bg7 13. Nxg6 hxg6 14. Qxg6+ Kf8 15. Bd2 Qxd5 16. Be2 Nc6 17. Rd1 Qf7 18. Qg3 Be6 19. Qc7 Rb8 20. Bb5 Be5 0-1

[Event "Camaguey 503 op"]
[Site "Camaguey"]
[Date "2017.02.01"]
[Round "2.5"]
[White "Gonzalez Cruz, Hector Luis"]
[Black "Gomez Almeida, Frank Luis"]
[Result "0-1"]
[WhiteElo "1833"]
[BlackElo "1838"]
[PlyCount "54"]
[EventDate "2017.02.01"]
[EventType "swiss"]
[EventRounds "9"]
[EventCountry "CUB"]
[SourceTitle "EXT 2023"]
[Source "ChessBase"]
[SourceDate "2022.10.05"]
[SourceVersion "1"]
[SourceVersionDate "2022.10.05"]
[SourceQuality "1"]

1. e4 c5 2. Nf3 d6 3. d4 cxd4 4. Nxd4 Nf6 5. Nc3 a6 6. Be3 e6 7. f3 b5 8. g4 h6 9. Qd2 Bb7 10. 0-0-0 Nbd7 11. h4 b4 12. Na4 Qa5 13. b3 Rc8 14. Kb1 d5 15. exd5 Nxd5 16. Ne2 Bc6 17. Nb2 Nc3+ 18. Nxc3 bxc3 19. Nc4 cxd2 20. Nxa5 Bxf3 21. Bc4 Bxh1 22. Rxh1 Bb4 23. Nb7 Rc7 24. Bxa6 0-0 25. a3 Bxa3 26. Bxd2 Ra8 27. Ba5 Rxb7 0-1